| 000 | 01140nam0a22003611 4500 | ||
|---|---|---|---|
| 001 | v19\rc\1814558 | ||
| 005 | 20250619131159.0 | ||
| 035 | _a(NLR Aleph) 004913645 | ||
| 090 |
_a5503733 _c5503733 |
||
| 100 | _a20071224d1907 |||y0rusy50 ca | ||
| 101 | 0 | _arus | |
| 102 | _aRU | ||
| 105 | _aac z ||||| | ||
| 200 | 1 |
_aИстория Украины и ее народа _fА.Я. Ефименко |
|
| 210 |
_aСанкт-Петербург _cТ-во "Обществ. польза" _d1907 |
||
| 215 |
_a174, [1] с., 1 л. портр. _cил., портр. _d19 |
||
| 532 | 1 | 3 | _aИстория Украины и ее народа |
| 700 | 1 |
_aЕфименко _bА.Я. _f1848-1918 _gАлександра Яковлевна |
|
| 801 | 0 |
_aRU _bNLR _gpsbo |
|
| 801 | 0 |
_aRU _bRuMoRGB _2psbo |
|
| 801 | 1 |
_aRU _bProSoft-M _2rusmarc |
|
| 852 |
_aNLR _j38.45.5.41 |
||
| 899 |
_aRuMoRGB _jA 237/753 |
||
| 899 |
_aRuMoRGB _jW 80/340 |
||
| 899 |
_aRuMoRGB _jU 396/99 |
||
| 899 |
_aRuMoRGB _jРб 12/105 |
||
| 899 | _aБАН | ||
| 899 | _aНБ СПбГУ | ||
| 899 | _aГПИБ | ||
| 899 | _aНБ МГУ | ||
| 942 | _cBOOK | ||
| 980 | _aNB | ||